|
|
|
|
| LEADER |
00000nam a2200000 i 4500 |
| 001 |
1/81997 |
| 008 |
960830s1995 gre d |
| 020 |
|
|
|a 960-7233-52-2 (τ.1)
|
| 020 |
|
|
|a 960-7233-53-0 (τ.2)
|
| 035 |
|
|
|a 1995
|b 3
|c Αναγνωστοπούλου
|l 10033832
|
| 040 |
|
|
|a GR-MY-UA
|b gre
|e aacr
|
| 041 |
0 |
|
|a gre
|
| 082 |
0 |
|
|a 889.15
|
| 100 |
1 |
|
|a Καρούζος, Νίκος,
|d 1926-1990.
|
| 245 |
1 |
3 |
|a Τα ποιήματα /
|c Νίκος Καρούζος
|
| 250 |
|
|
|a 2η έκδ.
|
| 260 |
|
|
|a [Αθήνα] :
|b Ικαρος,
|c [1995]
|
| 300 |
|
|
|a 2 τ.
|
| 500 |
|
|
|a τ.2 έκδ. 1994
|
| 505 |
0 |
|
|a τ.1: (1961 - 1978). - τ.2: (1979 - 1991)
|
| 650 |
0 |
0 |
|a Greek poetry, Modern
|y 20th century.
|
| 852 |
|
|
|a INST
|b RHODES
|e 19960830
|h 889.15 ΚΑΡ
|p 005400011558
|q 005400011558
|t BK
|y 0
|z τ.1
|
| 852 |
|
|
|a INST
|b RHODES
|e 19960830
|h 889.15 ΚΑΡ
|p 005400011566
|q 005400011566
|t BK
|y 0
|z τ.2
|
| 852 |
|
|
|a INST
|b RHODES
|e 19960830
|h 889.15 ΚΑΡ
|p 005400011558
|q 005400011558
|t BK
|v τ.1:
|y 0
|z τ.1
|
| 852 |
|
|
|a INST
|b RHODES
|e 19960830
|h 889.15 ΚΑΡ
|p 005400011566
|q 005400011566
|t BK
|v τ.2:
|y 0
|z τ.2
|
| 853 |
|
|
|a INST
|b RHODES
|h 889.15 ΚΑΡ
|
| 909 |
|
|
|a Ρ
|b 043003
|c 1995
|
| 909 |
|
|
|a Ρ
|b 043004
|c 1995
|
| 970 |
|
|
|z 2000/06/ΚΑΤΕΡΙΝΑ
|